[Event "EU-ch 2nd"]
[Site "Ohrid"]
[Date "2001.06.02"]
[Round "2"]
[White "Cao, Sang"]
[Black "Golod, Vitali"]
[Result "1-0"]
[WhiteElo "2487"]
[BlackElo "2593"]
[Annotator "Golod,V"]
[PlyCount "79"]
[EventDate "2001.06.01"]
[EventType "swiss"]
[EventRounds "13"]
[EventCountry "YUG"]
[SourceTitle "CBM 084"]
[Source "ChessBase"]
[SourceDate "2001.09.13"]
[SourceVersion "1"]
[SourceVersionDate "2001.09.13"]
[SourceQuality "1"]

1. e4 e5 2. Nf3 Nc6 3. Bb5 a6 4. Ba4 Nf6 5. d3 d6 6. c3 g6 7. Nbd2 Bg7 8. O-O
O-O 9. Re1 Nd7 $5 {It's main line,other alternatives are: 9...Nh5; 9..b5; 9...
Re8 and 9...Bd7.} 10. Nf1 Nc5 11. Bxc6 $5 ({In my opinion,worse is:} 11. Bc2)
11... bxc6 12. d4 Nd7 (12... exd4 $143 13. cxd4 Nd7 14. Bg5 Qe8 15. Qc2 Nb6 16.
Rac1 $14 {Ugrinovic,D-Karaklajic,N/Belgrade,1959(1/2-1/2)(22)}) 13. dxe5 ({
Was checked in the previous games:} 13. Ng3 $5 {See comments to Liss,E-Golod,V/
Tel-Aviv,1998/CBM68 (1-0)(Golod,V)(40)}) ({and} 13. Bg5 $6 f6 (13... Qe8 $5 14.
Qd2 Rb8 $5 (14... c5 $143 15. Bh6 Bb7 16. Bxg7 Kxg7 17. dxe5 Nxe5 18. Nxe5 Qxe5
$11 {Tondivar,B-Mikhalevski,A/Leeuwarden,1994(1/2-1/2)(30)}) 15. h3 f6 16. Be3
exd4 17. Nxd4 Ne5 18. b3 c5 19. Ne2 c4 $36 {El Taher,F-Aleksandrov,A/New Delhi,
2000 (1/2-1/2)(51)}) 14. Bd2 Rb8 15. Qc2 Qe7 16. Ng3 Qf7 17. h3 Re8 18. Nh2 Nf8
19. f4 $6 exd4 20. cxd4 f5 $1 $15 {Hernandez,Y-Castillo Gallego,S/Mancha Real,
2001(0-1)(46)}) 13... Nxe5 ({Is a possible continuation of the play:} 13...
dxe5 $5) 14. Nxe5 Bxe5 15. Bh6 $5 $146 {White's plan is: Qd2(/^c1-h6;גh6-f8)
Ng3,f4 and so on.} (15. Be3 $143 Rb8 16. Qd2 Bg7 17. Bd4 f6 18. c4 c5 $11 {
1/2-1/2 Vujosevic,V-Djuric,S/Cetinje,1991(18)}) 15... Re8 16. Qd2 Bd7 $6 {
I would like to have a point "b8" for the queen in cases 17.Bg5.} ({Can be
recommended:} 16... Rb8 $5) ({or} 16... a5 $5) 17. Ng3 (17. f4 $5) 17... Rb8 ({
Probably,was necessary to decide on:} 17... Bxg3 18. hxg3 f6 {[%cal Gd8e7,
Ge7f7] +/=/=}) 18. f4 $14 Bh8 19. Re3 Rb5 20. Rf1 Qb8 {I play according to the
plan.} ({A little dubious:} 20... Qh4 {because of:} 21. Bg5 Rxg5 $5 (21... Qg4
22. h3 Qe6 23. b3 $36 {[%cal Gf4f5]}) 22. fxg5 Qxg5 23. Rxf7 $5 Kxf7 24. Rf3+
Qf6 25. Rxf6+ Bxf6 26. Qd3 {+/=/+/-}) 21. b3 a5 22. f5 $40 {[%mdl 128]} a4 23.
Ref3 $1 {All figures of white direct in attack.} axb3 24. axb3 $1 ({Very badly:
} 24. fxg6 $2 hxg6 25. axb3 (25. Rxf7 $4 Be6 $1 $19 (25... b2 $4 26. Rxd7 b1=Q
27. Qf2 $1 $18)) 25... Be6 $15) 24... f6 $2 {Apparently,decisive mistake.} ({
It was necessary:} 24... Rxb3 $1 25. fxg6 hxg6 (25... fxg6 $4 26. Qf4 {[%csl
Rf7,Rf8][%cal Gf4f8,Gf4f7]} Be6 27. Qf8+ Rxf8 28. Rxf8+ Qxf8 29. Rxf8#) 26.
Rxf7 Be6 $13 27. Qf4 Rb1 28. Rf6 Rxf1+ 29. Nxf1 Kh7 30. Qh4 $36) 25. fxg6 (25.
b4 $143 {[%csl Rg8][%cal Gd2a2]} g5 26. Qa2+ d5 $13) 25... hxg6 26. Rxf6 $1
Bxf6 27. Rxf6 Re6 $8 ({Loses:} 27... Qa7+ 28. Be3 Qa1+ 29. Rf1 Qa5 30. Bd4 {
[%csl Rg8][%cal Gd2h6]} Rf8 31. Qh6 Rxf1+ 32. Nxf1 Re5 33. Qxg6+ Kf8 34. Qf6+
Ke8 35. b4 $18) 28. Qf4 $1 {Whether really my contender saw all up to the end?}
(28. Qf2 $143 Rf5 29. Rxf5 gxf5 30. Nxf5 Be8 31. Qg3+ Bg6 32. Nd4 Qa7 33. h4
$16) (28. Rf8+ $2 Qxf8 29. Bxf8 Kxf8 $14) 28... Qa7+ ({Impossibly:} 28... Rf5
$4 {in view of:} 29. Rxf5 $1 gxf5 30. Qg5+ Kf7 31. Qg7+ Ke8 32. Qf8#) 29. Kh1
Qa1+ 30. Nf1 Qxc3 31. Rf8+ Kh7 32. Bg5 $1 {[%csl Rh7][%cal Gf4h4]} ({Leads
only to a drawn game:} 32. Rf7+ $2 Kg8 33. Rxd7 Rf6 {[%csl Rf1]} 34. Rd8+ Kh7
35. Rd7+ $11) 32... Rxg5 $8 (32... Rxe4 $2 33. Qf7+ Qg7 34. Bf6 $1 Qxf7 $140
35. Rh8#) 33. Qxg5 Kg7 ({Also loses:} 33... Qe1 34. Qd8 Be8 35. Qxc7+ Kh6 36.
Rh8+ Kg5 37. Qd8+ $18) 34. Qd8 Qe5 $8 (34... Qa1 $143 35. Rg8+ Kh7 36. Qxd7+ (
36. Rh8+ $5) 36... Kxg8 37. Qxe6+) (34... Rxe4 $143 35. Rf3 $18 {[%csl Rc3,Rd7]
[%cal Gd8d7,Gf3c3]}) 35. Rg8+ Kh7 $140 $8 (35... Kh6 36. Qh4+ Qh5 37. Rh8+ (37.
Qf4+ $5 Kh7 38. Qf7+ Kh6 39. Qf8+ Kg5 40. Qf5+ Kh6 (40... Kh4 41. g3#) 41. Rh8+
Kg7 42. Qf8#)) 36. Rh8+ $3 {[%mdl 64] This graceful tactical impact finishes
struggle} Qxh8 37. Qxd7+ Kh6 38. Qxe6 Qa1 39. Qh3+ Kg7 40. Kg1 {Good
achievement of IM Cao Sang.} 1-0

[Event "Dov Porath Memorial"]
[Site "Givataim"]
[Date "2004.10.06"]
[Round "5"]
[White "Ribshtein, Nati"]
[Black "Golod, Vitali"]
[Result "0-1"]
[WhiteElo "2384"]
[BlackElo "2554"]
[Annotator "Golod,V"]
[PlyCount "64"]
[EventDate "2004.10.03"]
[EventType "swiss"]
[EventRounds "7"]
[EventCountry "ISR"]
[SourceTitle "CBM 104"]
[Source "ChessBase"]
[SourceDate "2005.01.27"]
[SourceVersion "1"]
[SourceVersionDate "2005.01.27"]
[SourceQuality "1"]

{This game has not come in Mega 2005 and "TWIC" Database,she is published for
the first time.} 1. e4 e5 2. Nf3 Nc6 3. Bb5 a6 4. Ba4 Nf6 5. d3 d6 6. h3 {
White have selected the most irresolute continuation.Besides,you can see
annotations to three another alternatives:} (6. c3 {(It's main line.)
Schneider,D-Golod,V/New York,2003/CBM 93(0-1)(Golod,V)(41)}) (6. O-O $6 {
Kozakov,M-Golod,V/Lvov,2001/CBM 87(0-1)(Golod,V)(61)}) ({and} 6. c4 {
(Mikhalevsky,V: "Favourite move of Duras.About 15(!) of his games can be found
in Mega Database 2004 in which many strong players of the beginning of this
century were outplayed by him".) Psakhis,L-Mikhalevski,V/London,1999/EXT 2000
(1/2-1/2)(Mikhalevski,V)(64)}) 6... g6 ({Also repeatedly were checked up in
previous games:} 6... b5) ({and} 6... Be7) 7. c4 {It stops "b7-b5",strengthens
white's control over point "d5" and,more important,gains space.All the same,it
was more logical to play so,on the previous move.} ({Is a possible
continuations of the play:} 7. Nc3 {7.Bg5; 7.Be3; 7.c3 and 7.0-0}) 7... Bg7 8.
Nc3 ({On:} 8. Be3 {I have found two old games in my database.}) 8... Bd7 {
I am not in a hurry with castle,and I want,first of all,to protect Nc6,because
in case of exchange on "c6" to take by the bishop.} (8... O-O $5 {You can see
comments to game: Yudasin,L-Huebner,R/Munchen,1991/Inf 51/318(0-1)(Huebner,R)
(60)}) 9. Be3 ({On:} 9. Bg5 {you can find two games in Mega DataBase 2004.})
9... O-O ({I do not think that it was much better:} 9... Qe7 10. Qd2 O-O 11.
Bxc6 bxc6 12. Bg5 Qe6 $13 {Kuzelka,J-Schubert,F/Plzen,1911(0-1)(36)}) 10. Qd2
Nh5 $1 $146 {My ideas: Nf4; f5 or Nd4} ({Was checked in the preceding game:} 
10... Re8 11. Bxc6 bxc6 12. Bh6 Bh8 13. Nh2 d5 $132 {Duras,O-Johner,P/Vienna,
1908(1-0)(66)}) 11. g4 $5 {The most basic decision,though White have lost the
opportunities to make castle in the short party.} Nf4 12. Bxf4 exf4 13. O-O-O
$6 (13. d4 $5 {An interesting idea,which was mentioned by my opponent after
the game.} Qe8 $1 14. O-O-O (14. Bxc6 Bxc6 15. O-O-O Bxe4 $140 16. Rhe1 $13 {
[%csl Re8]}) 14... Nxd4 15. Bxd7 Nxf3 16. Bxe8 Nxd2 17. Bxf7+ Rxf7 18. Kxd2 f3
$11) ({It was very dubious:} 13. Qxf4 $6 {in view of:} Nb4 $1 14. Qd2 Nxd3+ 15.
Qxd3 Bxc3+ 16. Qxc3 Bxa4 {=/=/+}) 13... b5 $1 {Black develop the attack on the
white's king,all their pieces are located ideally for it.} 14. Bb3 (14. cxb5 $6
Nd4 15. Nxd4 Bxd4 $36) 14... Na5 15. Bc2 $1 {Absolutely justified sacrifice of
the pawn.White had no other worthy alternative.} bxc4 $140 16. d4 c6 $2 {
/\Rb8,Qb6(קb2) I had a uneasy choice,and could not find the best plan:} (16...
Rb8 $5 {/\Qc8-b7(קb2) |^}) 17. Qxf4 {[%csl Rd6]} Rb8 $6 {I continue a wrong
line.Still it was possible to change the previous dubious decision:} (17... Be6
$5 $13) 18. Qxd6 Qb6 {[%csl Rb2]} 19. Na4 $1 ({Leads to very hard position:} 
19. Qxd7 $2 Qxb2+ 20. Kd2 Rfd8 21. Qa7 (21. Qc7 $2 Bxd4) 21... Nb3+ $1 22. axb3
Rxb3 $17 23. Nb1 $140 $2 Rd3+) (19. Qa3 $143 Nb7 {/\Rfd8,Bf8 (/^a3-f8)} 20. Ne5
$14) 19... Qb7 $140 20. Qc5 {+/=/+/-} (20. Qa3 $5 {/\Nc5 +/=/+/-}) 20... Qc7
21. e5 {Nati Ribshtein open a /^ b1-h7 for his bishop and simultaneously
blocks a /^a1-h8 for my bishop.} Rb5 22. Qd6 $5 (22. Qa3 $6 Rfb8 {/\Bf8}) (22.
Qe7 $143 Re8 23. Qh4 c5 $1 $132) 22... Qxd6 {I had no other alternative.} (
22... Qc8 $2 23. Nc3 Rb8 24. Qc5 Nb7 25. Qxc4 Be6 26. d5 $16) 23. exd6 Rd5 24.
Nc5 {White have decided to get rid from contender's pawn "a6" on the queen
side.} Bc8 $140 25. d7 (25. Rhe1 $5 Rxd6 26. Re7 {+/=/+/-}) 25... Bxd7 26. Nxa6
{I lose of this pawn,but get rid of weakness.} Nb7 27. Nc5 $2 {Now Black has,
as a minimum,an equal chances in the subsequent tactical complications.} (27.
Nb4 $5 Rb5 28. a3 $14) ({After:} 27. Ne5 $1 Bxe5 28. dxe5 Be6 29. Nb4 $16 {
White keeps a big advantage in the endgame.}) 27... Nxc5 28. dxc5 Rb8 $6 (28...
Be6 $142 29. Be4 Rxc5 30. Nd4 c3 31. b3 Ra5 32. Bb1 $13) 29. b3 $2 {White
obviously have lost a "string of game". It's already decisive mistake.In a
result White even have managed to lose this position.} (29. Be4 $1 Bxb2+ (29...
Be6 30. Bxd5 Bxd5 31. Rxd5 cxd5 32. Rd1 Bxb2+ 33. Kc2 Bf6 34. Rxd5 Rb2+ 35. Kd1
$14 {[%csl Gc5][%cal Gc5c6]}) 30. Kc2 Ba3 (30... Rxd1 31. Rxd1 Be6 32. Nd4 $14)
31. Bxd5 cxd5 32. Rb1 Rxb1 33. Rxb1 Bxc5 34. Rb8+ Kg7 35. Rb7 Be8 36. Kc3 Bxf2
37. g5 $14) 29... Be6 $1 {I want to improve a location of the my bishop and
only then to take on "b3".} (29... cxb3 $143 30. Bxb3 Rxc5+ 31. Kd2 (31. Kb1 $2
Be6 32. Nd2 (32. Rd3 h5 $1 $17) 32... Bh6 33. Kb2 Rcb5 $17) 31... h5 $1 $15)
30. Be4 $2 {White could render more stubborn resistance:} (30. bxc4 Rxc5 $17) (
{or} 30. Nd2 Bh6 31. bxc4 Rd4 $17) {[%tqu "En","Find the killer move!","","",
"c4b3","I made this move in the most suitable moment.",10]} 30... cxb3 $1 {
I made this move in the most suitable moment.} (30... Rxc5 $143 31. b4 Bh6+ 32.
Kc2 Rxb4 33. Rd8+ Kg7 $17) 31. Bxd5 (31. axb3 Rxc5+ 32. Kd2 $140 f5 $1 33. gxf5
gxf5 34. Bd3 Bd5 $19 35. Be2 $140 (35. Ke3 $2 f4+) 35... Rc3 {with big
material advantage.}) 31... Bxd5 $19 32. Rxd5 $140 $2 bxa2 $1 {[%csl Ga2,Rd5,
Yg7][%cal Ga2a1,Gc6d5] The important intermediate move,which immediately wins
a game.} 0-1

[Event "Hamburg HSK"]
[Site "Hamburg"]
[Date "1996.??.??"]
[Round "8"]
[White "Socko, Bartosz"]
[Black "Wahls, Matthias"]
[Result "0-1"]
[WhiteElo "2445"]
[BlackElo "2540"]
[Annotator "Hansen,LB"]
[PlyCount "112"]
[EventDate "1996.10.03"]
[EventType "tourn"]
[EventRounds "9"]
[EventCountry "GER"]
[EventCategory "9"]
[SourceTitle "CBM 056"]
[Source "ChessBase"]
[SourceDate "1997.02.01"]
[SourceVersion "1"]
[SourceVersionDate "1997.02.01"]
[SourceQuality "1"]

1. e4 {Wedberg} e5 2. Nf3 Nc6 3. Bb5 a6 4. Ba4 Nf6 5. Qe2 b5 6. Bb3 Bc5 $5 (
6... Be7) 7. c3 (7. a4 Bb7 8. d3 h6 9. axb5 axb5 10. Rxa8 Bxa8 {van der Wiel,
J-van der Sterren,P/Amsterdam/1994/}) 7... O-O 8. O-O d5 $5 {An interesting
idea, resembling the Marshall Gambit.} 9. exd5 $6 (9. d3 d4 (9... dxe4 10. dxe4
Qe7 11. h3 Be6 12. Re1 Rfd8 $10 {Velickovic,S-Karaklajic,N/Banja Vrucica/1991/}
) 10. Bg5 h6 11. Bxf6 Qxf6 12. Bd5 dxc3 13. bxc3 Bd7 14. Nbd2 Rad8 {Ljubojevic,
L-Sokolov,I/Linares/1995/}) (9. d3 {Wedberg}) 9... e4 (9... Nxd5 {Wedberg} 10.
Qe4 Nde7 (10... Be6 $2 11. d4 exd4 12. Ng5 $1 $40 {1-0 Schilhart,N-Ehrke,M/RLN
1981 (17)}) 11. Nxe5 Nxe5 12. Qxe5 Bd6 13. Qe2 Bb7 14. d4 $13 {0-1 Vidarsson,
J-Karlsson,A/Reykjavik op 1993 (30)}) 10. d4 (10. dxc6 exf3 $1 (10... Bg4 11.
d4 $5 $13) 11. Qxf3 Bg4 12. Qg3 Be2 13. Re1 Qd3 $1 $17 {/\ Ne4;Rae8}) (10. Ng5
{Wedberg} Bg4 11. Qe1 Ne5 $36) 10... exf3 11. Qxf3 Nxd4 $1 12. cxd4 Bxd4 $15
13. Nc3 (13. h3 $5) 13... Bg4 14. Qf4 Bc5 15. Be3 Bd6 16. Qd4 Re8 17. Rfe1 Be5
18. Qd3 Qd6 19. h3 Bh5 20. Qd2 Rad8 21. f4 $6 (21. Rac1 $15) 21... Bxc3 22.
bxc3 Bg6 $1 $17 {>< d5} (22... Nxd5 $2 23. Qxd5 Qxd5 24. Bxd5 Rxd5 25. g4 $16)
23. Rad1 Be4 24. Bd4 Nd7 $1 (24... Nxd5 $2 {Wedberg} 25. Be5) 25. c4 bxc4 26.
Bxc4 Bxd5 27. Rxe8+ Rxe8 28. Bf1 (28. Bxd5 $1 {Wedberg} Qxd5 29. Bxg7 Qxd2 30.
Rxd2 Kxg7 31. Rxd7 $11) 28... c6 29. Bf2 (29. Bxa6 Ra8 $17) 29... Nf6 30. Bxa6
$1 Qa3 $1 (30... Ra8 $2 31. Bc4) 31. Bd3 Qxa2 32. Qxa2 Bxa2 33. Bd4 Bd5 34. Kf2
(34. g4 $5) 34... Ra8 35. Rd2 Ra4 36. Be3 h5 $1 37. g3 Ra3 38. Ke2 $2 {The
decisive mistake. Now White is forced to further weaken his position (square
g4) by h3-h4.} (38. Bd4) 38... Bg2 $1 39. Bb1 Ra8 (39... Bxh3 $4 40. Rd8+) 40.
h4 $8 (40. Bf5 g6 41. Kf2 Be4 $1 $19) 40... Re8 41. Ra2 Be4 $19 42. Bxe4 Nxe4
43. Kf3 Nxg3 $1 44. Ra5 g6 45. Bd4 Nf5 46. Bf6 Kf8 47. Ra4 Rb8 48. Rc4 Rc8 49.
Rc1 c5 50. Ke4 Rc6 51. Be5 Nxh4 52. Rxc5 Rxc5 53. Bd6+ Kg7 54. Bxc5 f6 55. Bd4
Kf7 56. Ke3 Ke6 (56... Ke6 57. Ke4 Nf5 58. Bc5 Nd6+ 59. Kd4 Nb7 $1 {/\ Kf5-+})
0-1

[Event "Sinquefield Cup 2nd"]
[Site "Saint Louis"]
[Date "2014.08.30"]
[Round "4"]
[White "Caruana, Fabiano"]
[Black "Aronian, Levon"]
[Result "1-0"]
[WhiteElo "2801"]
[BlackElo "2805"]
[Annotator "Havasi,G"]
[PlyCount "99"]
[EventDate "2014.08.27"]
[EventType "tourn"]
[EventRounds "10"]
[EventCountry "USA"]
[EventCategory "23"]
[SourceTitle "CBM 162"]
[Source "ChessBase"]
[SourceDate "2014.09.17"]
[SourceVersion "1"]
[SourceVersionDate "2014.09.17"]
[SourceQuality "1"]

1. e4 e5 2. Nf3 Nc6 3. Bb5 a6 4. Ba4 Nf6 5. O-O Be7 6. d3 b5 7. Bb3 O-O 8. Nc3
d6 9. a3 {Caruana chose this line mainly because of the fact that Aronian
plays the Marshall.} Na5 10. Ba2 Be6 11. Bxe6 ({In Wijk aan Zee, Dominguez
Perez played} 11. Bg5 {against Aronian, but after} c5 12. b4 Nc6 13. Nd5 Bxd5
14. exd5 Nd4 15. bxc5 Nxf3+ 16. Qxf3 dxc5 17. Rfe1 Nd7 18. Bd2 Bd6 19. a4 f5
$13 {Black got enough play in the game Dominguez Perez-Aronian, Wijk aan Zee
2014.}) 11... fxe6 12. b4 Nc6 13. Bd2 d5 (13... Nd4 14. Nxd4 exd4 15. Ne2 c5
16. h3 Qd7 17. Qb1 e5 18. bxc5 dxc5 19. a4 Qc6 20. Ng3 c4 21. Nf5 Bc5 22. axb5
$142 (22. f4 $6 Nxe4 23. dxe4 Qxe4 24. Ng3 Qxc2 25. Ne4 d3+ 26. Kh1 Bd4 $15 {
Topalov-Kasimdzhanov, Thessaloniki 2013}) 22... axb5 $13) 14. Re1 Qd6 15. Na2
$146 {A very interesting novelty by Caruana. The N was a bit out of play on c3,
so he decides to put in on b3 after Nc1.} (15. h3 Nd7 16. Ne2 {was unclear in
the game Dominguez Perez-Karjakin, Beijiing 2013.}) 15... Nd7 ({After} 15... a5
{White gets a promising position after some forced moves:} 16. Nc3 $1 Rfb8 (
16... axb4 17. Nxb5 Qd7 18. axb4 Nxb4 19. Rxa8 Rxa8 20. Nc3 dxe4 21. Nxe4 $14)
17. exd5 exd5 18. Nxe5 Nxe5 19. Bf4 Qd7 20. Bxe5 axb4 21. axb4 Ng4 22. Rb1 Nxe5
23. Rxe5 c6 24. Re1 $14) (15... Rad8 16. Qe2 dxe4 17. dxe4 {- 15...dxe4}) (
15... dxe4 16. dxe4 Nd4 (16... Rad8 17. Qe2 $14) 17. Nxd4 Qxd4 18. Bc3 Qd6 19.
h3 Rf7 20. Qe2 $14) (15... d4 16. Qe2 Nh5 $5 {is a more active possibility} (
16... a5 17. bxa5 (17. Reb1 a4) 17... Nxa5 18. Reb1 Nc6 19. Nb4 Nd7 20. c3 Nxb4
21. axb4 $14) (16... Nd7 {- 15...Nd7}) 17. Reb1 Nf4 18. Qd1 Rf6 19. Nc1 Raf8
20. Bxf4 Rxf4 21. Nb3 Qd8 $1 $13 {followed by Qe8.}) 16. Qe2 d4 (16... Bf6 {
would be interesting, keeping the pressure in the centre. After a sample line}
17. h3 Rfb8 18. Rab1 a5 19. bxa5 Nxa5 20. a4 bxa4 21. Rxb8+ Nxb8 22. exd5 exd5
23. Nxe5 Nbc6 $11 {Black equalises.}) 17. Reb1 $1 {White prepares against ...
a5.} (17. Nc1 {allows} a5 $1) 17... Nb6 (17... a5 18. bxa5 Nxa5 19. Rxb5 Qxa3
20. Qd1 Nc6 21. Rbb1 Qc5 22. Nc1 Rxa1 23. Rxa1 h6 24. Nb3 $14 {The queenside
is hopelessly weakened and White will play Ba5 and Nfd2-c4.}) (17... Rfb8 {
threatens to play a5, so White has to defend it with} 18. Qe1 $1 {/\ Nc1-b3})
18. Nc1 $1 Na4 19. Nb3 Rf7 20. Rc1 $1 {Having improved the N, White wants to
start some active operations. So he plays Rc1, because he wants to play Ng5;
but it doesn't work immediately, because of Bxg5 and Nc3.} Rd8 {Black is
operating against c3.} (20... Raf8 $5 21. c4 dxc3 22. Bxc3 Rxf3 $1 23. gxf3 Bg5
24. Rc2 Bf4 25. Bd2 Nd4 26. Nxd4 exd4 $44 {gives Black sufficient compensation.
}) 21. Ng5 Rf6 $6 (21... Bxg5 $1 {was better, because Rf6 allows Qh5! This
move gives up the B, because it seems less valuable than the N.} 22. Bxg5 Rdf8
23. Rf1 Nc3 {with reasonable counterchances.}) 22. Qh5 $1 h6 $6 {After this
move White's position is better, because the kingside Ps are weak.} (22... Rh6
$142 {was the best move in order to avoid weakening the kingside.}) 23. Nf3
Rdf8 24. Rf1 {White starts regrouping his pieces.} R8f7 25. Rae1 Bf8 $6 {
After this move, the Rs will be vulnerable, after h3 followed Nh2-g4.} (25...
Rf8 $142 $14) 26. h3 $1 (26. h4 {was also possible with the idea of Qg4, h5
and Nh4-g6.}) 26... g6 27. Qh4 Qe7 28. Qg3 Bg7 (28... Rxf3 29. gxf3 Qf6 30. Rc1
Kh7 31. c3 $16) 29. Na5 $1 {The most exact! There were other moves like Nh2 or
h4, but this immediately starts destroying Black's position.} Nxa5 (29... Rxf3
30. Nxc6 Qd6 31. gxf3 Qxc6 32. Rc1 $16) 30. Nxe5 $1 (30. bxa5 Rxf3 $1 31. gxf3
Kh7 32. Kh2 Rf6 33. Rg1 Qf7 {would lead to unnecessary complications.}) 30...
Nb7 31. Nxg6 $1 (31. Nxf7 $6 Qxf7 $13 {would be inaccurate.}) 31... Qd8 32. e5
Rf5 33. f4 $1 c5 34. Nh4 Rh5 35. Nf3 Kh7 $2 (35... Re7 {was better, but it is
also much better for White after} 36. bxc5 Nbxc5 37. Qg6 Qe8 38. Qxe8+ Rxe8 39.
Nxd4 $16) 36. Qg4 $1 $18 Rhf5 37. Nh4 Kh8 38. Nxf5 Rxf5 39. Qg6 Qe7 40. g4 Rf8
41. f5 Qe8 42. Qxe8 Rxe8 43. f6 Bf8 44. f7 Re7 45. Rf6 Nb6 46. Bxh6 Nd7 47.
Ref1 cxb4 48. axb4 Bxh6 49. Rxh6+ Kg7 50. Rh5 1-0